Financial Globalization and the Governance of Domestic Financial Intermediaries /

We model an economy in which domestic banks and firms face incentive constraints, as in Holmstrom and Tirole (1997). Firms borrow from banks and uninformed investors, and can collude with banks to reduce the intensity of monitoring. We study the general equilibrium effects of capital flows (portfoli...

Descrizione completa

Dettagli Bibliografici
Autore principale: Tressel, Thierry
Altri autori: Verdier, Thierry
Natura: Periodico
Lingua:English
Pubblicazione: Washington, D.C. : International Monetary Fund, 2007.
Serie:IMF Working Papers; Working Paper ; No. 2007/047
Accesso online:Full text available on IMF
LEADER 01759cas a2200253 a 4500
001 AALejournalIMF004663
008 230101c9999 xx r poo 0 0eng d
020 |c 5.00 USD 
020 |z 9781451866117 
022 |a 1018-5941 
040 |a BD-DhAAL  |c BD-DhAAL 
100 1 |a Tressel, Thierry. 
245 1 0 |a Financial Globalization and the Governance of Domestic Financial Intermediaries /  |c Thierry Tressel, Thierry Verdier. 
264 1 |a Washington, D.C. :  |b International Monetary Fund,  |c 2007. 
300 |a 1 online resource (57 pages) 
490 1 |a IMF Working Papers 
500 |a <strong>Off-Campus Access:</strong> No User ID or Password Required 
500 |a <strong>On-Campus Access:</strong> No User ID or Password Required 
506 |a Electronic access restricted to authorized BRAC University faculty, staff and students 
520 3 |a We model an economy in which domestic banks and firms face incentive constraints, as in Holmstrom and Tirole (1997). Firms borrow from banks and uninformed investors, and can collude with banks to reduce the intensity of monitoring. We study the general equilibrium effects of capital flows (portfolio investments and loans, FDI) on the governance of domestic banks. We find that liberalization of capital flows may deteriorate the governance of the domestic financial system by increasing firms' incentives to collude with banks, with negative effects on productivity. We also show that systemic bailout guarantees increase the risks of collusion. 
538 |a Mode of access: Internet 
700 1 |a Verdier, Thierry. 
830 0 |a IMF Working Papers; Working Paper ;  |v No. 2007/047 
856 4 0 |z Full text available on IMF  |u http://elibrary.imf.org/view/journals/001/2007/047/001.2007.issue-047-en.xml  |z IMF e-Library